| 000 | 00733 a2200193 4500 | ||
|---|---|---|---|
| 001 | 30033 | ||
| 005 | 20260407155611.0 | ||
| 008 | 260407a1993 arg spa d | ||
| 003 | AR-UNSa-BCEJYS | ||
| 040 |
_aAR-UNSa-BCEJYS _bspa _cAR-UNSa-BCEJYS |
||
| 080 |
_a06.055 _xPublicaciones, informes concernientes al trabajo de la organización |
||
| 245 | 1 | 0 |
_aMemoria del Decanato _pdiciembre 1992 - noviembre 1993 |
| 264 | 1 |
_aSalta : _bUniversidad Nacional de Salta. Facultad de Ciencias Económicas, Jurídicas y Sociales _c1993 |
|
| 300 |
_a22 p. _c32 cm. |
||
| 041 | _aspa | ||
| 942 | _cBK | ||
| 590 | _aniveau_biblio:m niveau_hierar:0 | ||
| 100 | 1 | _aUniversidad Nacional de Salta. Facultad de Ciencias Económicas, Jurídicas y Sociales | |
| 999 |
_c1998 _d1998 |
||